La justicia en el reino de Espaą

Detalles Bibliográficos
Autor principal: Abascal Monedero, Pablo Još
Formato: eBook
Lenguaje:español
Publicado: Madrid: Dykinson, 2019
Materias:
Acceso en línea:Acceso restringido

MARC

LEADER 00000nam a22000007a 4500
005 20190823122223.0
007 cr|||| ||||
008 190823s2019 es |||||s|||| 00||0 spa d
020 |a 978-84-1324-260-6 
035 |a 24710 
040 |a vLex 
090 |c 9264  |d 9264 
100 1 |a Abascal Monedero, Pablo Još 
245 1 2 |a La justicia en el reino de Espaą  |h [Recurso electrn̤ico] /  |c Pablo Jos ̌Abascal Monedero 
256 |a Servicio en ln̕ea 
260 |a Madrid:  |b Dykinson,  |c 2019 
300 |a 1 recurso electrn̤ico 
500 |a Esta obra hace un estudio de la Justicia en Espaą en los distintos periodos de su historia, con la intencin̤ de mostrar al lector los problemas y los logros de la Administracin̤ de Justicia en cada periodo, para hacer reflexionar al mismo de la dificultad que ha supuesto la construccin̤ del poder o administracin̤ de justicia en Espaą, ya que ni siquiera estos conceptos son pacf̕icos, y lo mucho que queda para acabar de terminar la construccin̤ judicial. El libro hace primero un estudio pormenorizado de la Justicia en el Antiguo Rǧimen. A continuacin̤, en el segundo de los apartados referentes a la evolucin̤ histr̤ica de los tribunales en Espaą y sus problemas, se adentra en el anl̀isis de la Justicia en la que denomina Etapa Revolucionaria, con especial detenimiento en el hecho clave y fundamental en ese periodo que fue la creacin̤ del Tribunal Supremo que surge a raz̕ de los principios de la Constitucin̤ de Cd̀iz de 1812. Este epg̕rafe referente a los cambios y transformaciones histr̤icos de la justicia concluye con importantes referencias a la justicia contemporǹea, primero en la etapa republicana dando especial importancia a la regulacin̤ de la Justicia en la Constitucin̤ de 1931, de cuyos principios, sin duda es deudor el sistema vigente para a continuacin̤ hacer mencin̤ al estado autoritario que se impone tras la Guerra Civil y acabar por ultimo este recorrido histr̤ico en la Transicin̤ y en la Constitucin̤ de1978. El tercero de los apartados de este trabajo, contiene un novedoso anl̀isis de los Discursos de Apertura del Aǫ Judicial de los sucesivos Presidentes del Tribunal Supremo desde el l︢timo tercio del siglo XIX hasta el l︢timo pronunciado en el 2018 y tambiň de las Memorias defendidas en ese acto de Apertura del Aǫ Judicial por el correspondiente Fiscal General del Estado. Cierra el trabajo una exposicin̤ por el autor de los problemas que actualmente presenta la justicia y a los retos que se enfrenta de futuro sobre todo desde la incorporacin̤ del Reino de Espaą a la Unin̤ Europea. 
506 1 |a Disponible solo en los productos indicados  |d vLex Global  |d vLex Global (Academic Edition, excluding Law Schools)  |d vLex Global (U.S. Academic Edition, Law Schools)  |d vLex Global (U.S. Academic Edition, excluding Law Schools)  |d vLex Global (Academic Edition, Law Schools) 
650 0 4 |a Derecho Militar  |z Espaą 
740 0 |a vLex Libros (Servicio en ln̕ea) 
856 4 0 |u http://vlex.com/source/justicia-en-el-reino-de-espa-a-24710  |z Acceso restringido 
942 |c BOOK 
999 0 |a Military Law